| 000 | 00930nam a2200265Ia 4500 | ||
|---|---|---|---|
| 003 | OSt | ||
| 005 | 20221005110834.0 | ||
| 006 | a|||||r|||| 00| 0 | ||
| 007 | ta | ||
| 008 | 221004b |||||||| |||| 00| 0 hin d | ||
| 020 |
_a8126706082 (hbk) _c195 |
||
| 024 | _a97449 | ||
| 037 |
_b580, 23/03/2009, Vani Prakashan _cTextual |
||
| 040 |
_aCRL _cCRL _bhin |
||
| 041 |
_2hin _ahin |
||
| 082 | _aV2:1, 152P3 | ||
| 100 | _aसोर्मन, गाय | ||
| 245 | 0 | _aभारत की आत्मा | |
| 246 | _aBhārat kī ātmā | ||
| 260 |
_aनई दिल्ली _bराजकमल प्रकाशन भारत _c2003 |
||
| 300 |
_a186पृ0 _ccm. |
||
| 700 | _a मुकेश कुमार, अनु. | ||
| 942 |
_hV2:1, 152P3 _cTEXL _2cc |
||
| 999 |
_c1020026 _d1020026 |
||